| 000 | 00665nam a2200169 i 4500 | ||
|---|---|---|---|
| 001 | 47192 | ||
| 003 | ES-MaACL | ||
| 005 | 20230906161523.0 | ||
| 007 | t| | ||
| 008 | 030404s1956 sp ||||1| spa d | ||
| 245 | 0 | 0 | _aConvenio internacional relativo al Instituto Internacional del Frío, Paris, 1 de diciembre de 1954. |
| 260 |
_aMadrid : _b[s.n., _c1956] ( _fImp. del Ministerio de Asuntos Exteriores) |
||
| 300 |
_a16 p. ; _c23 cm. |
||
| 500 | _aPrecede al tít.: Ministerio de Asuntos Exteriores. Registro de Tratados. Nº 87. | ||
| 710 | 1 |
_aEspaña. _bMinisterio de Asuntos Exteriores. _bRegistro de Tratados. _9168910 |
|
| 852 |
_aES-MaACL _j1984-F-1 _bR.39579 |
||
| 999 |
_c47192 _d47192 |
||